000
00199nam a22000977a 4500
082
_a
823
_b
PRE/F
100
_a
PERCIA, MANAROSE
245
_a
THE FOOLISH RABBIT
650
_a
ENGLISH FICTION
942
_c
BK
999
_c
9028
_d
9028